000 00585cam a22001697a 4500
008 180718b1976 xxu||||| |||| 00| 0 eng d
020 _a0275566005
082 _aXAx73 L576
100 _aLeven, Charles L.
245 _aNeighborhood change : lessons in the dynamics of Urban decay
_cby Charles L. Leven...[et.al]
260 _aNew York
_bPraeger
_c1976
300 _axvi,205p
650 _aNeighborhood --United States --Case studies.
650 _aResidential mobility --Case studies
650 _aHousing --Missouri --St. Louis
650 _aHousing --United States --Case studies
999 _c412153
_d412153